[Event "Montreal Mercredi 02"]
[Site "Montreal"]
[Date "2013.02.20"]
[Round "1"]
[White "Chiku Ratte, Olivier Kenta"]
[Black "Arsenault, Nicolas"]
[Result "1-0"]
[WhiteElo "2194"]
[BlackElo "2130"]
[PlyCount "85"]
[EventDate "2013.02.20"]
[EventType "swiss"]
[EventRounds "5"]
[EventCountry "CAN"]
[SourceTitle "EXT 2014"]
[Source "ChessBase"]
[SourceDate "2013.11.20"]
[SourceVersion "1"]
[SourceVersionDate "2013.11.20"]
[SourceQuality "1"]

1. d4 Nf6 2. c4 e6 3. Nc3 Bb4 4. e3 0-0 5. Nge2 d5 6. a3 Be7 7. cxd5 exd5 8. Nf4 c6 9. Bd3 Re8 10. 0-0 Bd6 11. f3 Bxf4 12. exf4 b6 13. b4 Nbd7 14. Bb2 Bb7 15. Ne2 Qe7 16. Kh1 a5 17. b5 c5 18. Re1 c4 19. Bc2 Qe3 20. Bc3 h5 21. Qd2 Nf8 22. Ng3 Qxd2 23. Bxd2 g6 24. f5 Rxe1+ 25. Rxe1 Re8 26. Rxe8 Nxe8 27. a4 Bc8 28. fxg6 fxg6 29. Bf4 Kf7 30. Kg1 Ne6 31. Be5 Nf6 32. Ne2 Nd7 33. f4 Nxe5 34. fxe5 g5 35. Kf2 Ng7 36. Nc3 Be6 37. Bd1 g4 38. Bc2 h4 39. Ke3 Nh5 40. Ne2 h3 41. g3 Kg7 42. Kf2 Bf7 43. Bf5 1-0

[Event "Montreal Mercredi 10"]
[Site "Montreal"]
[Date "2012.10.31"]
[Round "5"]
[White "De Briey, Laurent"]
[Black "Arsenault, Nicolas"]
[Result "1-0"]
[WhiteElo "2224"]
[BlackElo "2109"]
[PlyCount "65"]
[EventDate "2012.10.03"]
[EventType "swiss"]
[EventRounds "5"]
[EventCountry "CAN"]
[SourceTitle "EXT 2022"]
[Source "ChessBase"]
[SourceDate "2021.10.06"]
[SourceVersion "1"]
[SourceVersionDate "2021.10.06"]
[SourceQuality "1"]

1. d4 Nf6 2. c4 e6 3. Nf3 b6 4. e3 Bb7 5. Bd3 d5 6. Nbd2 Bd6 7. b3 0-0 8. Bb2 Ne4 9. 0-0 f5 10. cxd5 exd5 11. Rc1 Nd7 12. Ne5 Nxe5 13. dxe5 Be7 14. b4 Bxb4 15. Nxe4 fxe4 16. Bxe4 dxe4 17. Qb3+ Kh8 18. Qxb4 c5 19. Qa4 Qe8 20. Qc4 Rd8 21. Rcd1 Qe7 22. a4 Bc6 23. e6 Rd6 24. Rxd6 Qxd6 25. Qa6 Qc7 26. Rd1 Re8 27. Qc4 Qe7 28. Qc3 Rg8 29. Qc4 h6 30. Be5 Re8 31. Qc3 Bxa4 32. Rd6 Kh7 33. Qc4 1-0

[Event "Montreal Mercredi 10"]
[Site "Montreal"]
[Date "2012.10.24"]
[Round "4"]
[White "Arsenault, Nicolas"]
[Black "Chiku Ratte, Olivier Kenta"]
[Result "1-0"]
[WhiteElo "2109"]
[BlackElo "2174"]
[PlyCount "65"]
[EventDate "2012.10.03"]
[EventType "swiss"]
[EventRounds "5"]
[EventCountry "CAN"]
[SourceTitle "EXT 2022"]
[Source "ChessBase"]
[SourceDate "2021.10.06"]
[SourceVersion "1"]
[SourceVersionDate "2021.10.06"]
[SourceQuality "1"]

1. e4 c5 2. Nf3 d6 3. d4 cxd4 4. Nxd4 Nf6 5. Nc3 g6 6. Be3 Bg7 7. f3 Nc6 8. Qd2 0-0 9. g4 Nxd4 10. Bxd4 Be6 11. Nd5 Bxd5 12. exd5 Rc8 13. h4 Qc7 14. Rh2 Nd7 15. Bxg7 Kxg7 16. 0-0-0 Ne5 17. Be2 Nc4 18. Bxc4 Qxc4 19. Kb1 h6 20. h5 g5 21. Re2 Rc7 22. Re4 Qc5 23. Rde1 Re8 24. a3 b5 25. Qd3 Qf2 26. R4e2 Qc5 27. Re4 Qf2 28. R1e2 Qf1+ 29. Ka2 a6 30. Re6 fxe6 31. Qg6+ Kf8 32. Qxh6+ Kg8 33. Qxg5+ 1-0

[Event "Quebec op"]
[Site "Montreal"]
[Date "2012.07.27"]
[Round "8"]
[White "Arsenault, Nicolas"]
[Black "Xu, Haizhou"]
[Result "0-1"]
[WhiteElo "2106"]
[BlackElo "2126"]
[PlyCount "104"]
[EventDate "2012.07.21"]
[EventType "swiss"]
[EventRounds "9"]
[EventCountry "CAN"]
[SourceTitle "EXT 2022"]
[Source "ChessBase"]
[SourceDate "2021.10.06"]
[SourceVersion "1"]
[SourceVersionDate "2021.10.06"]
[SourceQuality "1"]

1. c4 Nf6 2. g3 g6 3. Bg2 Bg7 4. Nc3 0-0 5. d3 d6 6. Bg5 h6 7. Bd2 Nc6 8. Rb1 a5 9. a3 e5 10. b4 axb4 11. axb4 Nd4 12. e3 Ne6 13. Nge2 c6 14. e4 Nd4 15. Nxd4 exd4 16. Ne2 Qb6 17. 0-0 Ng4 18. h3 Ne5 19. Rb3 f5 20. Kh2 fxe4 21. Bxe4 Bf5 22. Bxf5 Nf3+ 23. Kg2 Rxf5 24. Bf4 c5 25. b5 Ne5 26. g4 Rf7 27. Bxe5 Bxe5 28. Qd2 Kh7 29. f4 Raf8 30. Rbb1 Bg7 31. Ng3 d5 32. Rbe1 Qf6 33. f5 dxc4 34. dxc4 gxf5 35. Nxf5 Qg6 36. Nh4 Qg5 37. Qd3+ Kg8 38. Rxf7 Rxf7 39. Re8+ Bf8 40. Nf5 h5 41. Kg3 hxg4 42. hxg4 Qc1 43. Kg2 Rh7 44. Ng3 Qf4 45. Re4 Qg5 46. Nf5 Qc1 47. Ng3 Qc3 48. Qf1 Qc2+ 49. Re2 Qxc4 50. Qf5 Rf7 51. Qg6+ Rg7 52. Qf5 Qf7 0-1

[Event "Quebec op"]
[Site "Montreal"]
[Date "2012.07.24"]
[Round "5"]
[White "Arsenault, Nicolas"]
[Black "Gelet, Seymour"]
[Result "1-0"]
[WhiteElo "2106"]
[BlackElo "2009"]
[PlyCount "49"]
[EventDate "2012.07.21"]
[EventType "swiss"]
[EventRounds "9"]
[EventCountry "CAN"]
[SourceTitle "EXT 2022"]
[Source "ChessBase"]
[SourceDate "2021.10.06"]
[SourceVersion "1"]
[SourceVersionDate "2021.10.06"]
[SourceQuality "1"]

1. e4 c5 2. Nf3 Nc6 3. Bb5 Nd4 4. Nxd4 cxd4 5. 0-0 a6 6. Ba4 b5 7. Bb3 Bb7 8. d3 Nf6 9. f4 e6 10. Nd2 Be7 11. Qe2 Rc8 12. e5 Nd5 13. Ne4 f5 14. exf6 Nxf6 15. Nxf6+ Bxf6 16. f5 Qe7 17. fxe6 dxe6 18. Bd2 Rc6 19. a3 0-0 20. Bb4 Qe8 21. Bxf8 Kxf8 22. Qg4 Rd6 23. Rae1 e5 24. Qf5 Ke7 25. Rxe5+ 1-0

[Event "Quebec op"]
[Site "Montreal"]
[Date "2011.07.29"]
[Round "8"]
[White "Le Duin, Thierry"]
[Black "Arsenault, Nicolas"]
[Result "1-0"]
[WhiteElo "1877"]
[BlackElo "2164"]
[PlyCount "73"]
[EventDate "2011.07.23"]
[EventType "swiss"]
[EventRounds "9"]
[EventCountry "CAN"]
[SourceTitle "EXT 2022"]
[Source "ChessBase"]
[SourceDate "2021.10.06"]
[SourceVersion "1"]
[SourceVersionDate "2021.10.06"]
[SourceQuality "1"]

1. d4 e6 2. Nf3 f5 3. Bf4 Nf6 4. h3 Be7 5. e3 0-0 6. Bd3 b6 7. 0-0 Bb7 8. c4 Ne4 9. Nbd2 c5 10. Qc2 Nc6 11. Bxe4 fxe4 12. Qxe4 cxd4 13. Nxd4 Nxd4 14. Qxd4 Rf5 15. Ne4 Rc8 16. Nd6 Bxd6 17. Bxd6 Qg5 18. e4 h5 19. Rae1 Qg6 20. h4 Re8 21. Bg3 Rf7 22. Qe5 Rc8 23. b3 Rf6 24. Re3 Rff8 25. Rfe1 Rf6 26. Qd6 Rf7 27. Be5 Qh7 28. Qd4 Rd8 29. Rg3 d6 30. Bxd6 Rfd7 31. e5 Rf7 32. Qd3 Rf5 33. Rg5 g6 34. Rxf5 gxf5 35. Qg3+ Kf7 36. Qg5 Qh8 37. Qe7+ 1-0

[Event "Quebec op"]
[Site "Montreal"]
[Date "2011.07.28"]
[Round "7"]
[White "Arsenault, Nicolas"]
[Black "Zhu, Hong Rui"]
[Result "0-1"]
[WhiteElo "2164"]
[BlackElo "2002"]
[PlyCount "78"]
[EventDate "2011.07.23"]
[EventType "swiss"]
[EventRounds "9"]
[EventCountry "CAN"]
[SourceTitle "EXT 2022"]
[Source "ChessBase"]
[SourceDate "2021.10.06"]
[SourceVersion "1"]
[SourceVersionDate "2021.10.06"]
[SourceQuality "1"]

1. e4 c5 2. Nf3 d6 3. Bb5+ Bd7 4. Bxd7+ Qxd7 5. 0-0 Nc6 6. c3 Nf6 7. d4 e5 8. Re1 g6 9. Bg5 Bg7 10. d5 Ne7 11. Nbd2 0-0 12. a4 Ne8 13. Nc4 f6 14. Bh4 Rc8 15. Nfd2 f5 16. f3 Kh8 17. Qb3 Bh6 18. Qb5 Qc7 19. Nf1 Rg8 20. g4 Bf4 21. h3 g5 22. Bf2 fxe4 23. fxe4 Nf6 24. Ng3 Bxg3 25. Bxg3 h5 26. gxh5 Nxh5 27. Kh2 g4 28. h4 Ng6 29. Ne3 Rcf8 30. Nf5 Ne7 31. Rf1 Nxf5 32. exf5 Qe7 33. Qd3 Rf6 34. Rae1 Rh6 35. Rh1 Qh7 36. Ref1 Rf6 37. Qe4 Rgf8 38. Bxe5 dxe5 39. Qxe5 Ng7 0-1

[Event "Quebec op"]
[Site "Montreal"]
[Date "2011.07.26"]
[Round "5"]
[White "Arsenault, Nicolas"]
[Black "Dumont, Felix"]
[Result "1/2-1/2"]
[WhiteElo "2167"]
[BlackElo "2007"]
[PlyCount "35"]
[EventDate "2011.07.23"]
[EventType "swiss"]
[EventRounds "9"]
[EventCountry "CAN"]
[SourceTitle "EXT 2022"]
[Source "ChessBase"]
[SourceDate "2021.10.06"]
[SourceVersion "1"]
[SourceVersionDate "2021.10.06"]
[SourceQuality "1"]

1. e4 c5 2. Nf3 d6 3. Bb5+ Bd7 4. Bxd7+ Qxd7 5. 0-0 Nc6 6. c3 d5 7. exd5 Qxd5 8. d4 cxd4 9. cxd4 e6 10. Nc3 Qa5 11. d5 exd5 12. Re1+ Be7 13. Qxd5 Qxd5 14. Nxd5 Rd8 15. Nxe7 Ngxe7 16. Be3 f6 17. Bc5 Kf7 18. Rad1 1/2-1/2

[Event "Quebec op"]
[Site "Montreal"]
[Date "2011.07.24"]
[Round "2.28"]
[White "Giroux, Robert"]
[Black "Arsenault, Nicolas"]
[Result "0-1"]
[WhiteElo "1886"]
[BlackElo "2164"]
[PlyCount "72"]
[EventDate "2011.07.23"]
[EventType "swiss"]
[EventRounds "9"]
[EventCountry "CAN"]
[SourceTitle "EXT 2022"]
[Source "ChessBase"]
[SourceDate "2021.10.06"]
[SourceVersion "1"]
[SourceVersionDate "2021.10.06"]
[SourceQuality "1"]

1. d4 Nf6 2. c4 e6 3. g3 Bb4+ 4. Bd2 Qe7 5. Nf3 Nc6 6. Nc3 Bxc3 7. Bxc3 Ne4 8. Rc1 Nxc3 9. Rxc3 d6 10. d5 Nb8 11. dxe6 fxe6 12. Nd4 e5 13. Nc2 0-0 14. Bg2 Nd7 15. Ne3 Nf6 16. Nd5 Qd8 17. 0-0 c6 18. Nxf6+ Rxf6 19. e4 Be6 20. b3 Qb6 21. Rd3 Raf8 22. Qd2 Rd8 23. Rxd6 Rxd6 24. Qxd6 Bxc4 25. Qb8+ Rf8 26. Qxf8+ Kxf8 27. bxc4 Qd4 28. Kh1 Qxc4 29. f4 exf4 30. gxf4 Qxa2 31. e5 Qe2 32. Kg1 Qe3+ 33. Kh1 a5 34. Rf3 Qe2 35. Kg1 a4 36. h3 Qxf3 0-1

[Event "Quebec-ch Elite"]
[Site "Montreal"]
[Date "2010.10.10"]
[Round "5"]
[White "Arsenault, Nicolas"]
[Black "Forget, Luc"]
[Result "1-0"]
[WhiteElo "2225"]
[BlackElo "1949"]
[PlyCount "69"]
[EventDate "2010.10.08"]
[EventType "swiss"]
[EventRounds "7"]
[EventCountry "CAN"]
[SourceTitle "EXT 2013"]
[Source "ChessBase"]
[SourceDate "2012.11.22"]
[SourceVersion "1"]
[SourceVersionDate "2012.11.22"]
[SourceQuality "1"]

1. e4 e6 2. d4 d5 3. Nc3 dxe4 4. Nxe4 Nd7 5. Nf3 Ngf6 6. Bg5 Be7 7. Nxf6+ Bxf6 8. h4 0-0 9. Bd3 c5 10. Qe2 Qa5+ 11. Bd2 Qc7 12. 0-0-0 cxd4 13. Ng5 h6 14. Qe4 Rd8 15. Qh7+ Kf8 16. Bb4+ Nc5 17. Ne4 b6 18. Kb1 Ke7 19. Nxf6 Kxf6 20. g4 Bb7 21. g5+ hxg5 22. hxg5+ Ke7 23. Rhe1 Qf4 24. Bd2 Qf3 25. Qxg7 Nxd3 26. cxd3 a5 27. Ka1 Qf5 28. g6 Rg8 29. Qxd4 Rxg6 30. Qxb6 Qd5 31. Rc1 Bc8 32. Re4 Ra6 33. Rc7+ Kf6 34. Bc3+ Kg5 35. Qe3+ 1-0

[Event "Quebec-ch Elite"]
[Site "Montreal"]
[Date "2010.10.09"]
[Round "3"]
[White "Libersan, Thierry"]
[Black "Arsenault, Nicolas"]
[Result "0-1"]
[WhiteElo "2101"]
[BlackElo "2225"]
[PlyCount "60"]
[EventDate "2010.10.08"]
[EventType "swiss"]
[EventRounds "7"]
[EventCountry "CAN"]
[SourceTitle "EXT 2013"]
[Source "ChessBase"]
[SourceDate "2012.11.22"]
[SourceVersion "1"]
[SourceVersionDate "2012.11.22"]
[SourceQuality "1"]

1. d4 Nf6 2. c4 e6 3. Nf3 Bb4+ 4. Bd2 Qe7 5. a3 Bxd2+ 6. Qxd2 d6 7. Nc3 0-0 8. e4 e5 9. d5 Bg4 10. Be2 a5 11. h3 Bd7 12. b3 Na6 13. Qc2 c6 14. dxc6 bxc6 15. 0-0 Nh5 16. Rfe1 Nf4 17. Bf1 f5 18. Re3 Nc5 19. g3 Ng6 20. exf5 Bxf5 21. Qd1 Rab8 22. Nd2 Qd7 23. g4 Be6 24. Nce4 Nxe4 25. Nxe4 Rbd8 26. Rd3 d5 27. Nc5 Qe7 28. Nxe6 Qxe6 29. cxd5 cxd5 30. Rxd5 Rxd5 0-1

[Event "Budapest Spring op 26th"]
[Site "Budapest"]
[Date "2010.03.24"]
[Round "5"]
[White "Arsenault, Nicolas"]
[Black "Borda, Lajos"]
[Result "1-0"]
[WhiteElo "2153"]
[BlackElo "2076"]
[PlyCount "53"]
[EventDate "2010.03.19"]
[EventType "swiss"]
[EventRounds "9"]
[EventCountry "HUN"]
[SourceTitle "CBM 135 Extra"]
[Source "ChessBase"]
[SourceDate "2010.05.04"]
[SourceVersion "1"]
[SourceVersionDate "2010.05.04"]
[SourceQuality "1"]

1. e4 c5 2. Nf3 a6 3. c3 Nf6 4. e5 Nd5 5. d4 cxd4 6. cxd4 e6 7. Nc3 Nxc3 8. bxc3 d6 9. Bd3 Nc6 10. 0-0 dxe5 11. dxe5 Qc7 12. Be3 Nxe5 13. Nxe5 Qxe5 14. Bd4 Qc7 15. Qh5 h6 16. Rfe1 Rg8 17. Rab1 Bd6 18. Be4 Bf4 19. Bxb7 Rb8 20. Bxc8 Rxb1 21. Rxb1 Qxc8 22. Qf3 g5 23. g3 Bc7 24. Rb7 Qd7 25. Be5 g4 26. Qe2 Bxe5 27. Rxd7 1-0

[Event "Montreal Pere Noel op"]
[Site "Montreal"]
[Date "2009.12.29"]
[Round "4"]
[White "Kovalyov, Anton"]
[Black "Arsenault, Nicolas"]
[Result "1-0"]
[WhiteElo "2591"]
[BlackElo "2214"]
[PlyCount "47"]
[EventDate "2009.12.26"]
[EventType "swiss"]
[EventRounds "5"]
[EventCountry "CAN"]
[SourceTitle "EXT 2011"]
[Source "ChessBase"]
[SourceDate "2010.11.26"]
[SourceVersion "1"]
[SourceVersionDate "2010.11.26"]
[SourceQuality "1"]

1. Nf3 Nf6 2. c4 e6 3. g3 a6 4. Bg2 b5 5. d3 Bb4+ 6. Bd2 Bxd2+ 7. Nbxd2 Bb7 8. Qb3 Bxf3 9. Bxf3 c6 10. a4 Qa5 11. Ra2 b4 12. Qc2 0-0 13. Nb3 Qd8 14. c5 a5 15. 0-0 Na6 16. Raa1 e5 17. Rad1 Qe7 18. e4 Nc7 19. d4 exd4 20. Rxd4 Ra7 21. Bg2 Kh8 22. f4 Rd8 23. h3 Ne6 24. Rd3 1-0

[Event "Montreal Pere Noel op"]
[Site "Montreal"]
[Date "2009.12.28"]
[Round "3"]
[White "Voloaca, Mihnea"]
[Black "Arsenault, Nicolas"]
[Result "1/2-1/2"]
[WhiteElo "2325"]
[BlackElo "2214"]
[PlyCount "39"]
[EventDate "2009.12.26"]
[EventType "swiss"]
[EventRounds "5"]
[EventCountry "CAN"]
[SourceTitle "EXT 2011"]
[Source "ChessBase"]
[SourceDate "2010.11.26"]
[SourceVersion "1"]
[SourceVersionDate "2010.11.26"]
[SourceQuality "1"]

1. d4 Nf6 2. c4 e6 3. Nf3 b6 4. a3 Ba6 5. Qc2 Bb7 6. Nc3 c5 7. dxc5 Bxc5 8. Bf4 a6 9. Rd1 0-0 10. e4 Nh5 11. Bd6 Bxd6 12. Rxd6 Qc7 13. Qd2 Nf6 14. Qd4 Nc6 15. Qd1 Rfd8 16. Be2 Na5 17. Qd4 Nc6 18. Qd1 Na5 19. Qd4 Nc6 20. Qd1 1/2-1/2

[Event "CAN-ch"]
[Site "Guelph"]
[Date "2009.08.14"]
[Round "7"]
[White "Arsenault, Nicolas"]
[Black "Noritsyn, Nikolay"]
[Result "1/2-1/2"]
[WhiteElo "2161"]
[BlackElo "2381"]
[PlyCount "110"]
[EventDate "2009.08.08"]
[EventType "swiss"]
[EventRounds "9"]
[EventCountry "CAN"]
[SourceTitle "CBM 132 Extra"]
[Source "ChessBase"]
[SourceDate "2009.11.03"]
[SourceVersion "1"]
[SourceVersionDate "2009.11.03"]
[SourceQuality "1"]

1. e4 e5 2. Nf3 d6 3. d4 exd4 4. Nxd4 Nf6 5. Nc3 Be7 6. Bc4 0-0 7. 0-0 Re8 8. Re1 Bf8 9. Bg5 Nbd7 10. f3 h6 11. Be3 Ne5 12. Bf1 c6 13. a4 Qc7 14. Kh1 Bd7 15. f4 Ng6 16. Qf3 a6 17. f5 Ne5 18. Qg3 Kh8 19. a5 d5 20. exd5 Bd6 21. Qh4 Neg4 22. Bg1 c5 23. Ne6 fxe6 24. fxe6 Be5 25. exd7 Qxd7 26. Be2 Bxc3 27. bxc3 Ne3 28. Bd3 Nexd5 29. Bxc5 Nxc3 30. Bd4 Re4 31. Rxe4 Ncxe4 32. Bb2 Qg4 33. Qxg4 Nxg4 34. Kg1 Nc5 35. Bg6 Rd8 36. Re1 Kg8 37. Ba3 Nd7 38. h3 Nge5 39. Be4 Nc6 40. Bd5+ Kh7 41. Be4+ Kg8 42. Rd1 Nf6 43. Rxd8+ Nxd8 44. Bf3 Kf7 45. Kf2 Nc6 46. Bxc6 bxc6 47. Ke3 h5 48. Kd4 Nd7 49. Ke4 Ke6 50. Kf4 g6 51. Kg5 Kf7 52. g4 hxg4 53. hxg4 Nf6 54. Kf4 Ke6 55. Kg5 Kf7 1/2-1/2

[Event "CAN-ch"]
[Site "Guelph"]
[Date "2009.08.13"]
[Round "6"]
[White "Arsenault, Nicolas"]
[Black "Thavandiran, Shiyam"]
[Result "0-1"]
[WhiteElo "2161"]
[BlackElo "2291"]
[PlyCount "56"]
[EventDate "2009.08.08"]
[EventType "swiss"]
[EventRounds "9"]
[EventCountry "CAN"]
[SourceTitle "CBM 132 Extra"]
[Source "ChessBase"]
[SourceDate "2009.11.03"]
[SourceVersion "1"]
[SourceVersionDate "2009.11.03"]
[SourceQuality "1"]

1. e4 e6 2. d4 d5 3. Nd2 c5 4. Ngf3 cxd4 5. Nxd4 Nf6 6. exd5 Qxd5 7. N2f3 a6 8. Be2 Qa5+ 9. c3 Qc7 10. 0-0 Bd6 11. h3 0-0 12. Qc2 Nbd7 13. Rd1 h6 14. c4 b6 15. Be3 Bb7 16. Rac1 Rac8 17. Qb1 Rfd8 18. b4 Qb8 19. a3 Nh5 20. Qb3 Nf4 21. Bf1 Ne5 22. Nxe5 Bxe5 23. g3 Nh5 24. f4 Bf6 25. Kh2 e5 26. fxe5 Nxg3 27. Kxg3 Qxe5+ 28. Kf2 Qh2+ 0-1

[Event "CAN-ch"]
[Site "Guelph"]
[Date "2009.08.08"]
[Round "1"]
[White "Arsenault, Nicolas"]
[Black "Livshits, Ron"]
[Result "1/2-1/2"]
[WhiteElo "2161"]
[BlackElo "2332"]
[PlyCount "36"]
[EventDate "2009.08.08"]
[EventType "swiss"]
[EventRounds "9"]
[EventCountry "CAN"]
[SourceTitle "CBM 132 Extra"]
[Source "ChessBase"]
[SourceDate "2009.11.03"]
[SourceVersion "1"]
[SourceVersionDate "2009.11.03"]
[SourceQuality "1"]

1. e4 c5 2. Nf3 d6 3. d4 cxd4 4. Nxd4 Nf6 5. Nc3 e6 6. Be3 a6 7. g4 h6 8. f3 Nc6 9. Qd2 d5 10. exd5 Nxd5 11. Nxd5 Qxd5 12. Nxc6 bxc6 13. 0-0-0 Be7 14. c4 Qxd2+ 15. Rxd2 c5 16. f4 Bb7 17. Bg2 Bxg2 18. Rxg2 0-0-0 1/2-1/2

[Event "Quebec op U2400"]
[Site "Montreal"]
[Date "2009.07.24"]
[Round "8"]
[White "Zozulia, Anna"]
[Black "Arsenault, Nicolas"]
[Result "1-0"]
[WhiteElo "2341"]
[BlackElo "2161"]
[PlyCount "68"]
[EventDate "2009.07.18"]
[EventType "swiss"]
[EventRounds "9"]
[EventCountry "CAN"]
[SourceTitle "EXT 2011"]
[Source "ChessBase"]
[SourceDate "2010.11.26"]
[SourceVersion "1"]
[SourceVersionDate "2010.11.26"]
[SourceQuality "1"]

1. e4 e6 2. d4 d5 3. Nd2 Nf6 4. e5 Nfd7 5. f4 c5 6. c3 Nc6 7. Ndf3 Qb6 8. a3 a5 9. b3 Be7 10. h4 cxd4 11. cxd4 f5 12. h5 Qa7 13. Be3 Ndb8 14. Nh3 Na6 15. Nf2 Nc7 16. Nd3 b6 17. Nb2 Ba6 18. Bxa6 Qxa6 19. Qc2 Qb7 20. 0-0 Rc8 21. Rac1 Nb5 22. a4 Nba7 23. Qe2 0-0 24. Nd1 Ba3 25. Ra1 Be7 26. Bd2 Nb4 27. Nc3 Qa6 28. Qxa6 Nxa6 29. Ng5 Bxg5 30. fxg5 Nb4 31. Rac1 Nac6 32. Nb5 Nd3 33. Rc3 Ncb4 34. Rf3 Rc6 1-0

[Event "Quebec op U2400"]
[Site "Montreal"]
[Date "2009.07.19"]
[Round "2"]
[White "Dumont, Felix"]
[Black "Arsenault, Nicolas"]
[Result "0-1"]
[WhiteElo "1786"]
[BlackElo "2161"]
[PlyCount "82"]
[EventDate "2009.07.18"]
[EventType "swiss"]
[EventRounds "9"]
[EventCountry "CAN"]
[SourceTitle "EXT 2011"]
[Source "ChessBase"]
[SourceDate "2010.11.26"]
[SourceVersion "1"]
[SourceVersionDate "2010.11.26"]
[SourceQuality "1"]

1. e4 e6 2. d4 d5 3. Nc3 Nf6 4. e5 Nfd7 5. f4 c5 6. Nf3 Nc6 7. Be3 cxd4 8. Nxd4 Bc5 9. Qd2 0-0 10. 0-0-0 Bxd4 11. Bxd4 a6 12. Bf2 b5 13. Ne2 b4 14. Nd4 Nxd4 15. Bxd4 a5 16. h4 Ba6 17. g4 Qc7 18. Kb1 Rfc8 19. Rc1 Bxf1 20. Rhxf1 Ra6 21. c3 b3 22. a3 Rc6 23. h5 Rc4 24. Rce1 Nc5 25. Bxc5 Qxc5 26. Qe3 a4 27. Qf3 d4 28. cxd4 Rxd4 29. Rc1 Rc4 30. Rxc4 Qxc4 31. Qd1 Qe4+ 32. Ka1 h6 33. Rf2 Rc2 34. Rf1 Qe3 35. Kb1 Qe4 36. Ka1 Qe3 37. Kb1 Rd2 38. Qc1 Qd3+ 39. Ka1 Rc2 40. Qe1 Rxb2 41. Rf2 Rc2 0-1

[Event "Budapest FS03 IM-A"]
[Site "Budapest"]
[Date "2009.03.10"]
[Round "4"]
[White "Bach, Matthias"]
[Black "Arsenault, Nicolas"]
[Result "1-0"]
[WhiteElo "2276"]
[BlackElo "2229"]
[PlyCount "117"]
[EventDate "2009.03.07"]
[EventType "tourn"]
[EventRounds "11"]
[EventCountry "HUN"]
[SourceTitle "CBM 129 Extra"]
[Source "ChessBase"]
[SourceDate "2009.05.05"]
[SourceVersion "2"]
[SourceVersionDate "2009.05.20"]
[SourceQuality "1"]

1. d4 Nf6 2. c4 e6 3. g3 Bb4+ 4. Bd2 Qe7 5. Bg2 Nc6 6. Nf3 Bxd2+ 7. Nbxd2 d6 8. Nf1 0-0 9. Ne3 Nd8 10. 0-0 Nh5 11. c5 Bd7 12. Rc1 Rc8 13. b4 f5 14. d5 e5 15. c6 Be8 16. Bh3 g6 17. Nh4 Ng7 18. Qd2 Rb8 19. f4 e4 20. b5 b6 21. Qd4 Nh5 22. Rc3 Qf6 23. Qxf6 Nxf6 24. Ra3 Ra8 25. Ra6 Nf7 26. Rd1 Nh6 27. Nhg2 Bf7 28. Ne1 Kg7 29. N1c2 Nhg8 30. Nb4 Ne7 31. Rd4 h5 32. Bg2 Ng4 33. Ra3 Nxe3 34. Rxe3 h4 35. Ra3 hxg3 36. hxg3 Rh8 37. Rd2 g5 38. fxg5 Rh5 39. g4 Rxg5 40. gxf5 Nxf5 41. Rh3 Kf6 42. Nc2 e3 43. Nxe3 Nxe3 44. Rxe3 Rag8 45. Rf3+ Ke7 46. e4 Bg6 47. Rf4 Rg3 48. Kf2 Bh5 49. Bf3 Bxf3 50. Rxf3 Rg2+ 51. Ke3 Rxd2 52. Kxd2 Rg2+ 53. Kc3 Rxa2 54. Rf5 a5 55. Rh5 Rg2 56. Rh7+ Kd8 57. Rh8+ Ke7 58. Rc8 Kf6 59. Rxc7 1-0

[Event "Budapest FS03 IM-A"]
[Site "Budapest"]
[Date "2009.03.07"]
[Round "1"]
[White "Lengyel, Bela"]
[Black "Arsenault, Nicolas"]
[Result "1/2-1/2"]
[WhiteElo "2268"]
[BlackElo "2229"]
[PlyCount "65"]
[EventDate "2009.03.07"]
[EventType "tourn"]
[EventRounds "11"]
[EventCountry "HUN"]
[SourceTitle "CBM 129 Extra"]
[Source "ChessBase"]
[SourceDate "2009.05.05"]
[SourceVersion "2"]
[SourceVersionDate "2009.05.20"]
[SourceQuality "1"]

1. e4 e6 2. d4 d5 3. Nc3 Nf6 4. Bg5 Bb4 5. e5 h6 6. Bd2 Bxc3 7. bxc3 Ne4 8. Qg4 g6 9. h4 c5 10. Bd3 Nxd2 11. Kxd2 Nc6 12. Nf3 cxd4 13. cxd4 Qa5+ 14. Ke2 b6 15. Qf4 Ba6 16. Qd2 Rc8 17. Qxa5 Bxd3+ 18. cxd3 Nxa5 19. Kd2 h5 20. Ng1 Nc6 21. Ne2 Ne7 22. a4 a6 23. Rab1 Rc6 24. Rb2 Kd7 25. Rhb1 Kc7 26. g3 Nf5 27. Rb4 Kb7 28. R1b2 Rhc8 29. Ke1 Ka7 30. Kf1 R8c7 31. Kg2 Rc2 32. Kf1 Rxb2 33. Rxb2 1/2-1/2